| 000 | 00713cam a22002411 4500 | ||
|---|---|---|---|
| 001 | sa 66001098 | ||
| 003 | DLC | ||
| 005 | 20260227112219.0 | ||
| 008 | 900127s1965 ii b 000 0 eng | ||
| 010 | _asa 66001098 | ||
| 035 | _a(OCoLC)20964500 | ||
| 040 |
_aDLC _cKU _dKU _dDLC |
||
| 042 | _apremarc | ||
| 050 | 0 | 0 |
_aHB125.N35 _bG35 1965a |
| 100 | 1 | _aGanguli, Birendranath. | |
| 245 | 1 | 0 |
_aDadabhai Naoroji and the drain theory, _c[by] B.N. Ganguli. |
| 260 |
_aBombay, _bAsia Pub. House, _c[1965] |
||
| 300 |
_aix, 152 p. _c19 cm. |
||
| 500 | _a"Dadabhai Naoroji memorial prize fund lecture." | ||
| 504 | _aBibliographical footnotes. | ||
| 600 | 1 | 0 |
_aNaoroji, Dadabhai, _d1825-1917. |
| 650 | 0 | _aEconomics. | |
| 999 |
_c67593 _d67593 |
||